Rethinking Law, Society and Governance: Foucault's Bequest. (Record no. 617230)

MARC details
000 -LEADER
fixed length control field 00486nam a2200169 a 4500
008 - FIXED-LENGTH DATA ELEMENTS--GENERAL INFORMATION
fixed length control field 260309s2026##################000#0#eng##
020 ## - INTERNATIONAL STANDARD BOOK NUMBER
ISBN 9780841132938
082 04 - DEWEY DECIMAL CLASSIFICATION NUMBER
Classification number 340.115
Item number WIC
100 ## - MAIN ENTRY--AUTHOR NAME
Personal name Wickam,Gary
245 10 - TITLE STATEMENT
Title Rethinking Law, Society and Governance: Foucault's Bequest.
Statement of responsibility, etc /edited Gary Wickham
260 ## - PUBLICATION, DISTRIBUTION, ETC. (IMPRINT)
Place of publication North America
Name of publisher Hart Publishing
Year of publication 2001
300 ## - PHYSICAL DESCRIPTION
Number of Pages 176p.
Dimensions ;23cm
650 ## - SUBJECT ADDED ENTRY--TOPICAL TERM
Topical Term Law
700 ## - ADDED ENTRY--PERSONAL NAME
Personal name George Pavlich.
942 ## - ADDED ENTRY ELEMENTS (KOHA)
Koha item type English Books
Holdings
Withdrawn status Lost status Damaged status Not for loan Home library Current library Shelving location Date acquired Full call number Accession Number Price effective from Koha item type
        Anna Centenary Library Anna Centenary Library 4TH FLOOR, A WING 09.03.2026 340.115 WIC 380974 09.03.2026 English Books

Find us on the map